000 00982pam a2200253 a 4500
005 20131029045645.0
008 930607s1993 enk b 001 0 eng
020 _a019827906X
020 _a0198279264
041 0 _aeng
080 _a327
245 0 0 _aUnited Nations, divided world :
_cedited by Adam Roberts and Benedict Kingsbury.
250 _a2nd ed.
260 _aOxford :
_bClarendon Press ;
_aNew York :
_bOxford University Press,
_c1993.
300 _axvi, 589 p. ;
_c23 cm.
504 _aIncludes bibliographical references (p. [549]-556) and index.
610 2 0 _aShtetet e bashkuara
650 0 _aMarrëdhënie ndërkombëtare
700 1 _aRoberts, Adam,
_d1940-
700 1 _aKingsbury, Benedict.
856 4 2 _3Publisher description
_uhttp://www.loc.gov/catdir/enhancements/fy0605/93002566-d.html
856 4 1 _3Table of contents only
_uhttp://www.loc.gov/catdir/enhancements/fy0605/93002566-t.html
942 _2udc
_cBK
999 _c184
_d184